Μεσονυχτιάτικη εξομολόγηση
Αποθηκεύτηκε σε:
| Κύριος συγγραφέας: | |
|---|---|
| Άλλοι συγγραφείς: | |
| Μορφή: | Βιβλίο |
| Γλώσσα: | Greek French |
| Δημοσίευση: |
Αθήναι :
Παπαδημητρίου,
[1953].
|
| Σειρά: | 100 αθάνατα έργα ;
39 |
| Θέματα: | |
| Ετικέτες: |
Προσθήκη ετικέτας
Δεν υπάρχουν, Καταχωρήστε ετικέτα πρώτοι!
|
MARC
| LEADER | 00000cam a2200000 i 4500 | ||
|---|---|---|---|
| 001 | 1/98431 | ||
| 008 | 081128s1953 gr | ||| |||| ||gre|| | ||
| 035 | |l 10102089 | ||
| 040 | |a GR-MY-UA |b gre |e aacr | ||
| 041 | 1 | |a gre |h fre | |
| 082 | 7 | |a 843.91 |2 (22) | |
| 100 | 1 | |a Duhamel, Georges, |d 1884-1966. | |
| 245 | 1 | 0 | |a Μεσονυχτιάτικη εξομολόγηση / |c Georges Duhamel ; μετάφραση: Σπύρου Σκιαδαρέση. |
| 260 | |a Αθήναι : |b Παπαδημητρίου, |c [1953]. | ||
| 300 | |a 134 σ. ; |c 21 εκ. | ||
| 490 | 1 | |a (100 αθάνατα έργα ; |v 39) | |
| 500 | |a Τίτλος πρωτοτύπου: Confession de minuit | ||
| 650 | 0 | 0 | |a French fiction |y 20th century. |
| 700 | 1 | |a Σκιαδαρέσης, Σπύρος, |d 1904-1967, |e trl | |
| 830 | 0 | |a 100 αθάνατα έργα ; |v 39 | |
| 852 | |a INST |b RHODES |c AKA |e 20081128 |h 843.91 DUH |p 005400028217 |q 005400028217 |t BK |y 0 | ||
| 901 | |a BIBL4-2008-3 | ||
| 970 | |a ΚΟΖΑ |b ΜΑΡΙΑ |z 2008/11/28 | ||